Fellini por Fellini

Đã lưu trong:
Chi tiết về thư mục
Tác giả chính: Fellini, Federico (Tác giả)
Định dạng: Sách
Ngôn ngữ:Tiếng Tây Ban Nha
Được phát hành: Madrid Fundamentos 1984
Phiên bản:2a. ed
Loạt:Colección Arte Serie Cine
Những chủ đề:
Các nhãn: Thêm thẻ
Không có thẻ, Là người đầu tiên thẻ bản ghi này!

MARC

LEADER 00000cam a2200000 a 4500
001 UCC7798
003 CL-VaPUC
008 190505e19840000sp |||||||||||||||||spa|d
020 |a 8424502361 
082 0 4 |a 791.4309  |b FEL  |2 21 
100 0 |a Fellini, Federico  |e author  |9 266646 
245 1 0 |a Fellini por Fellini 
250 |a 2a. ed 
300 |a 239 p 
942 |c BK 
945 |d 20190505 21:05:00  |a dcastane 
260 |a Madrid  |b Fundamentos  |c 1984 
650 0 |a Directores de cine  |9 368705 
650 0 |a Cine italiano  |9 267409 
650 0 |a Autobiografías   |9 265171 
583 |a last modification  |c 20190505 21:05:00  |k Rodrigo Vera 
490 0 |a Colección Arte Serie Cine 
999 |c 374347  |d 374345 
952 |0 0  |1 0  |3 erb  |4 0  |6 791_430900000000000_FEL_1984  |7 0  |8 A  |9 492851  |a BIBART  |b BIBART  |i 5545935  |o 791.4309 FEL 1984  |p 5545935  |r 2025-03-13  |w 2019-11-24  |y BK  |z Catalogado en:20190505  |k ART